LEADER 01243cam0-2200361---450- 001 990009458740403321 005 20121220120513.0 010 $a978-88-88904-11-5 035 $a000945874 035 $aFED01000945874 035 $a(Aleph)000945874FED01 035 $a000945874 100 $a20111020d2007----km-y0itay50------ba 101 0 $aita 102 $aIT 105 $ay-------001yy 200 1 $aAll'origine di una burocrazia moderna$eil personale del Ministero delle Finanze nel Mezzogiorno di primo Ottocento$fMaria Rosaria Rescigno 210 $aNapoli$cClioPress$d2007 215 $a131 p.$d21 cm 225 1 $aSaggi$fUniversitą degli studi di Napoli Federico II, Dipartimento di discipline storiche E. Lepore$v6 610 0 $aRegno di Napoli <1266-1815>$aBurocrazia$aSec. 19. 610 0 $aImpiegati pubblici$aRegno di Napoli <1266-1815>$aSec. 19. 676 $a352.63 700 1$aRescigno,$bMaria Rosaria$0513649 801 0$aIT$bUNINA$gREICAT$2UNIMARC 901 $aBK 912 $a990009458740403321 952 $aUniv. 296 (6)$b48094$fFSPBC 952 $a352.63 RES 1$bDip.Disc.St.11554$fFLFBC 959 $aFLFBC 959 $aFSPBC 996 $aAll'origine di una burocrazia moderna$9761395 997 $aUNINA LEADER 01339nam--2200361---450 001 990002871650203316 005 20230524092651.0 010 $a88-370-4605-7 035 $a000287165 035 $aUSA01000287165 035 $a(ALEPH)000287165USA01 035 $a000287165 100 $a20070222h2006----km-y0itay50------ba 101 0 $aita 102 $aIT 105 $aa|||b|||001yy 200 1 $aAndrea Mantegna e i Gonzaga: Rinascimento nel Castello di San Giorgio$fa cura di Filippo Trevisani 210 $aMilano$cElecta$d2006 215 $a307 p.$cill.$d28 cm 300 $aCatalogo della Mostra tenuta a Mantova nel 2006-2007. - In testa al frontespizio: Ministero per i beni e le attivitą culturali, Soprintendenza per il patrimonio storico artistico ed etnoantropologico di Brescia, Cremona e Mantova 517 $aAndrea Mantegna e i Gonzaga 600 1$aMantegna,$bAndrea$xEsposizioni$z2006-2007 606 0 $aArte$yMantova$zSec. 15.$xEsposizioni$z2006-2007 676 $a709.45281 702 1$aMANTEGNA,$bAndrea 702 1$aTREVISANI,$bFilippo 801 0$aIT$bsalbc$gISBD 912 $a990002871650203316 951 $aXII.2.B. 1208$b194511 L.M.$cXII.2.$d00120856 959 $aBK 969 $aUMA 996 $aAndrea Mantegna e i Gonzaga: Rinascimento nel Castello di San Giorgio$9991490 997 $aUNISA LEADER 04712nam 22006855 450 001 9910900178003321 005 20250807135824.0 010 $a3-031-59819-9 024 7 $a10.1007/978-3-031-59819-7 035 $a(MiAaPQ)EBC31741961 035 $a(Au-PeEL)EBL31741961 035 $a(CKB)36410323500041 035 $a(DE-He213)978-3-031-59819-7 035 $a(EXLCZ)9936410323500041 100 $a20241027d2024 u| 0 101 0 $aeng 135 $aurcnu|||||||| 181 $ctxt$2rdacontent 182 $cc$2rdamedia 183 $acr$2rdacarrier 200 10$aAsset Management and Institutional Investors $eMethods and Tools for Asset Allocation, Portfolio Management and Performance Evaluation /$fedited by Ignazio Basile, Pierpaolo Ferrari 205 $a2nd ed. 2024. 210 1$aCham :$cSpringer International Publishing :$cImprint: Springer,$d2024. 215 $a1 online resource (559 pages) 225 1 $aContributions to Finance and Accounting,$x2730-6046 311 08$a3-031-59818-0 320 $aIncludes bibliographical references. 327 $aInstitutional Investors -- Collective Investment Vehicles and Other Asset Management Products -- Stages of Investment Management Policy -- Strategic Asset Allocation with Mean-Variance Optimisation -- Methods and Tools for Portfolio Selection -- Alternative Approaches to Traditional Mean-Variance Optimisation -- Integrating Sustainability Criteria into the Investment Process -- Performance Evaluation -- Returns-Based Style Analysis -- Performance Attribution -- Portfolio Diversification Policies: Alternative Asset Classes -- Hedge Funds -- Hedge Fund Performance -- Private Equity -- Private Debt -- Real Assets -- Commodities -- Currency Overlay. 330 $aThis second edition of the book analyses the latest developments in investment management policy for institutional investors. It is divided into four parts, which have been updated to include the newest approaches and strategies in asset allocation, portfolio management and performance evaluation. The first part analyses the different types of institutional investors, i.e. institutions that professionally manage portfolios of financial and real assets on behalf of a wide range of individuals. This part goes on with an in-depth analysis of the economic, technical and regulatory characteristics of the various categories of investment funds and of other types of asset management products, which have a high rate of substitutability with investment funds and represent their natural competitors. The second part of the book identifies and investigates the stages of the investment portfolio management. Given the importance of strategic asset allocation in explaining the ex post performance of any type of investment portfolio, this part provides an in-depth analysis of asset allocation methods, illustrating the different theoretical and operational solutions available to institutional investors. The third part describes performance assessment, its breakdown and risk control, with an in-depth examination of performance evaluation techniques, returns-based style analysis approaches and performance attribution models. Finally, the fourth part deals with the subject of diversification into alternative asset classes, identifying the common characteristics and their possible role within the framework of investment management policy. This part analyses hedge funds, private equity, private debt, real estate, infrastructures, commodities and currency overlay techniques. 410 0$aContributions to Finance and Accounting,$x2730-6046 606 $aFinancial services industry 606 $aBusiness enterprises$xFinance 606 $aSocial sciences$xMathematics 606 $aFinancial risk management 606 $aCapital market 606 $aFinancial Services 606 $aCorporate Finance 606 $aMathematics in Business, Economics and Finance 606 $aRisk Management 606 $aCapital Markets 615 0$aFinancial services industry. 615 0$aBusiness enterprises$xFinance. 615 0$aSocial sciences$xMathematics. 615 0$aFinancial risk management. 615 0$aCapital market. 615 14$aFinancial Services. 615 24$aCorporate Finance. 615 24$aMathematics in Business, Economics and Finance. 615 24$aRisk Management. 615 24$aCapital Markets. 676 $a332.6 702 $aBasile$b Ignazio 702 $aFerrari$b Pierpaolo 801 0$bMiAaPQ 801 1$bMiAaPQ 801 2$bMiAaPQ 906 $aBOOK 912 $a9910900178003321 996 $aAsset Management and Institutional Investors$92240018 997 $aUNINA